00451nam a2200121 4500008004100000082001700041100001700058245010800075260007800183300001000261440002200271650003600293240311b |||||||| |||| 00| 0 eng d a341.486bGOM aGomez, Mario aNational human rights commission and internally displaced people:billustrated by Sri Lankan experience aWashington:bThe Brookings-SAIS project on internal displacement,c[2002] a36 p. aOccassiobal paper aINTERNAL DISPLACEMENT-Sri Lanka